000 00333nam a2200169Ia 4500
100 _aJutz/Herman
650 _aTables
250 _a2
942 _cBK
366 _f20
654 _awestermann
245 _aWestermann Tables
260 _bNew Age Int (P) Ltd
_c2006
082 _bJUT
300 _a151
546 _aENGLISH
999 _c23450
_d23450